| 000 | 00398cam a2200157ua 4500 | ||
|---|---|---|---|
| 041 |
_aeng _h |
||
| 082 |
_a591 _bSED/ST |
||
| 100 | _aSedgwick, Adam . | ||
| 245 |
_aStudents text book of zoology, Vol 3 / _cAdam Sedgwick. _hTextual Documents |
||
| 250 |
_a1 / _b. |
||
| 260 |
_aAllahabad : _bCentral Book Depot , _c1908. |
||
| 300 | _a905 ; . | ||
| 504 | _a | ||
| 942 | _cBK | ||
| 999 |
_c5707 _d5707 |
||